LEADER 02052nam 2200649 450 001 9910464881303321 005 20200917021826.0 010 $a1-282-74136-5 010 $a9786612741364 010 $a0-7748-5572-X 035 $a(CKB)3390000000007481 035 $a(OCoLC)608407314 035 $a(CaPaEBR)ebrary10553755 035 $a(SSID)ssj0000443115 035 $a(PQKBManifestationID)11285290 035 $a(PQKBTitleCode)TC0000443115 035 $a(PQKBWorkID)10465417 035 $a(PQKB)10695147 035 $a(MiAaPQ)EBC3412904 035 $a(CEL)408632 035 $a(CaBNVSL)slc00208549 035 $a(Au-PeEL)EBL3412904 035 $a(CaPaEBR)ebr10831348 035 $a(CaONFJC)MIL274136 035 $a(OCoLC)923450026 035 $a(EXLCZ)993390000000007481 100 $a20070606h20072007 uy| 0 101 0 $aeng 135 $aurcnu|||||||| 181 $ctxt 182 $cc 183 $acr 200 10$aTeachers' schools and the making of the modern Chinese nation-state, 1897-1937 /$fXiaoping Cong 210 1$aVancouver :$cUBC Press,$d[2007] 210 4$dİ2007 215 $a1 online resource (317 p.) 225 0$aContemporary Chinese studies,$x1206-9523 311 $a0-7748-1347-4 311 $a0-7748-1348-2 320 $aIncludes bibliographical references and index. 410 0$aContemporary Chinese studies, 606 $aTeachers colleges$zChina$xHistory$y20th century 606 $aTeachers$xTraining of$zChina$xHistory$y20th century 606 $aEducation and state$zChina$xHistory$y20th century 608 $aElectronic books. 615 0$aTeachers colleges$xHistory 615 0$aTeachers$xTraining of$xHistory 615 0$aEducation and state$xHistory 676 $a317 700 $aCong$b Xiaoping$0888622 801 0$bMiAaPQ 801 1$bMiAaPQ 801 2$bMiAaPQ 906 $aBOOK 912 $a9910464881303321 996 $aTeachers' schools and the making of the modern Chinese nation-state, 1897-1937$91985120 997 $aUNINA LEADER 03640nam 22005535 450 001 9910847070403321 005 20250610110108.0 010 $a3-031-48691-9 024 7 $a10.1007/978-3-031-48691-3 035 $a(CKB)31368257000041 035 $a(DE-He213)978-3-031-48691-3 035 $a(MiAaPQ)EBC31233472 035 $a(EXLCZ)9931368257000041 100 $a20240328d2024 u| 0 101 0 $aeng 135 $aur||||||||||| 181 $ctxt$2rdacontent 182 $cc$2rdamedia 183 $acr$2rdacarrier 200 10$aAdvances in Debris-flow Science and Practice /$fedited by Matthias Jakob, Scott McDougall, Paul Santi 205 $a1st ed. 2024. 210 1$aCham :$cSpringer International Publishing :$cImprint: Springer,$d2024. 215 $a1 online resource (XIX, 636 p. 272 illus., 223 illus. in color.) 225 1 $aGeoenvironmental Disaster Reduction,$x2946-5729 311 08$a3-031-48690-0 327 $aIntroduction -- Debris-flow Watersheds and Fans: Morphology, Sedimentology and Dynamics -- Fatalities from Debris Flows: Worldwide Distribution and Trends -- Flume Modeling of Debris Flows.-Numerical Modeling of Debris Flows: A Conceptual Assessment -- Sediment Entrainment and Deposition -- Causes and Triggers -- Debris-flow Dating and Magnitude Reconstruction -- Statistical Techniques for Debris-flow Frequency-Magnitude Analyses -- Climate Change Effects on Debris Flows -- Post-wildfire Debris Flows.-Lahars: Origins, Behavior and Hazards -- Regional Debris-flow Hazard Assessments -- Debris-flow Risk Assessment -- Functional Design of Mitigation Measures: From Design Event Definition to Targeted Process Modifications -- Advances in Design of Barriers for Debris-flow Impact -- Check Dam Failures -- Warning Systems and Instrumentation -- Land Use Planning on Debris-flow Fans. 330 $aThis book provides a summary of the state of the art of all facets of debris-flow science and practice and is designed to be a comprehensive technical reference for practitioners and a state-of-the-art research overview for scientists. It is richly illustrated with equations, graphs, photos, and tables. The book allows students, practitioners, and regulators to get a sense of the current state of the art in this science. Currently, there are 2 to 3 papers published every week on some aspects of debris-flow science. This creates a bewildering amount of literature that cannot be captured by a single individual. This book provides a comprehensive overview of all facets to date, including initial hazard assessments, detailed quantitative risk assessments, debris-flow warning systems, debris-flow mitigation structure designs, and failures of mitigation works, as well as new topics such as climate change effects on debris flows. 410 0$aGeoenvironmental Disaster Reduction,$x2946-5729 606 $aNatural disasters 606 $aGeomorphology 606 $aSedimentology 606 $aNatural Hazards 606 $aGeomorphology 606 $aSedimentology 615 0$aNatural disasters. 615 0$aGeomorphology. 615 0$aSedimentology. 615 14$aNatural Hazards. 615 24$aGeomorphology. 615 24$aSedimentology. 676 $a551 676 $a363.34 702 $aJakob$b Matthias$4edt$4http://id.loc.gov/vocabulary/relators/edt 702 $aMcDougall$b Scott$4edt$4http://id.loc.gov/vocabulary/relators/edt 702 $aSanti$b Paul$4edt$4http://id.loc.gov/vocabulary/relators/edt 906 $aBOOK 912 $a9910847070403321 996 $aAdvances in Debris-flow Science and Practice$94154546 997 $aUNINA